[Event "Stuttgart-chC int"]
[Site "Ditzingen"]
[Date "2014.05.29"]
[Round "2"]
[White "Reichmann, Bernd"]
[Black "Sandmeyer, Alexander"]
[Result "1/2-1/2"]
[WhiteElo "1128"]
[BlackElo "1257"]
[PlyCount "50"]
[EventDate "2014.05.29"]
[EventType "swiss"]
[EventRounds "7"]
[EventCountry "GER"]
[SourceTitle "EXT 2015"]
[Source "ChessBase"]
[SourceDate "2014.11.20"]
[SourceVersion "1"]
[SourceVersionDate "2014.11.20"]
[SourceQuality "1"]

1. e4 c5 2. Nf3 Nc6 3. d4 cxd4 4. Nxd4 g6 5. Nxc6 bxc6 6. Bc4 Bg7 7. 0-0 d6 8. c3 Nf6 9. f3 0-0 10. Bb3 Qb6+ 11. Kh1 Nd7 12. Re1 Ne5 13. Be3 c5 14. Qc2 Bd7 15. Nd2 a5 16. a4 Rab8 17. Reb1 Qc7 18. Bc4 Nxc4 19. Nxc4 Qa7 20. b3 Qa6 21. Rd1 Rb7 22. Rab1 Rfb8 23. Nd2 Be6 24. c4 Qb6 25. h3 Qb4 1/2-1/2